[Event "SVK-chT2C 1920"]
[Site "Slovakia"]
[Date "2020.03.07"]
[Round "10.6"]
[White "Janik, Marek Tobias"]
[Black "Pasztor, Ladislav"]
[Result "1/2-1/2"]
[WhiteElo "1473"]
[BlackElo "1811"]
[PlyCount "51"]
[EventDate "2019.10.26"]
[EventType "team-tourn"]
[EventRounds "11"]
[EventCountry "SVK"]
[SourceTitle "CBM 195 Extra"]
[Source "ChessBase"]
[SourceDate "2020.05.31"]
[SourceVersion "1"]
[SourceVersionDate "2020.05.31"]
[SourceQuality "1"]
[WhiteTeam "Liptov Chess School III"]
[BlackTeam "Vinica"]
[WhiteTeamCountry "SVK"]
[BlackTeamCountry "SVK"]

1. c4 c6 2. g3 Nf6 3. Bg2 d5 4. cxd5 cxd5 5. Nf3 Nc6 6. d3 e5 7. Nbd2 h6 8. 0-0 Bd6 9. e4 d4 10. Nc4 Bc7 11. Ne1 Be6 12. b3 b5 13. Nb2 Rc8 14. f4 0-0 15. f5 Bd7 16. g4 Nh7 17. Nf3 Bd6 18. h4 Be7 19. Qe1 Nb4 20. Qg3 f6 21. Kh2 Nc2 22. Rb1 Na3 23. Ra1 Nc2 24. Rb1 Na3 25. Ra1 Nc2 26. Rb1 1/2-1/2

[Event "SVK-chT1E 1920"]
[Site "Slovakia"]
[Date "2019.11.10"]
[Round "4.8"]
[White "Panko, Eduard1"]
[Black "Pasztor, Ladislav"]
[Result "1-0"]
[WhiteElo "1926"]
[BlackElo "1810"]
[PlyCount "105"]
[EventDate "2019.10.12"]
[EventType "team-tourn"]
[EventRounds "11"]
[EventCountry "SVK"]
[SourceTitle "CBM 193 Extra"]
[Source "ChessBase"]
[SourceDate "2020.01.31"]
[SourceVersion "1"]
[SourceVersionDate "2020.01.31"]
[SourceQuality "1"]
[WhiteTeam "Bardejov"]
[BlackTeam "Cebovce"]
[WhiteTeamCountry "SVK"]
[BlackTeamCountry "SVK"]

1. e4 c5 2. a3 Nc6 3. b4 a6 4. Nf3 b6 5. bxc5 bxc5 6. Bc4 e6 7. Qe2 Nd4 8. Nxd4 cxd4 9. 0-0 Bc5 10. d3 Ne7 11. Bg5 Qc7 12. Nd2 Ng6 13. Nb3 d6 14. Nxc5 dxc5 15. Bd2 0-0 16. f4 Bd7 17. a4 Kh8 18. Qh5 Rfc8 19. Rf3 Qd8 20. Rh3 Qg8 21. Bb3 Nf8 22. g4 g6 23. Qh4 Qg7 24. Rg3 f6 25. f5 g5 26. Qh3 e5 27. Qg2 Be8 28. h4 h6 29. hxg5 hxg5 30. Rh3+ Nh7 31. Qh2 Bf7 32. Rxh7+ Qxh7 33. Qxh7+ Kxh7 34. Bxf7 Kg7 35. Bc4 Rh8 36. Rb1 Rh4 37. Rb7+ Kh6 38. Rf7 Rxg4+ 39. Kf1 Rb8 40. Rxf6+ Kh5 41. Bf7+ Kh4 42. Be1+ Rg3 43. Rh6+ Kg4 44. Bxg3 Kxg3 45. Bb3 g4 46. f6 Kf4 47. f7 Kg5 48. Rxa6 Rh8 49. Kg2 Rf8 50. Rc6 Kf4 51. Rxc5 g3 52. Rc6 Rh8 53. Rf6+ 1-0

[Event "SVK-chT1E 1920"]
[Site "Slovakia"]
[Date "2019.11.09"]
[Round "3.8"]
[White "Pasztor, Ladislav"]
[Black "Elias, David"]
[Result "0-1"]
[WhiteElo "1810"]
[BlackElo "1912"]
[PlyCount "110"]
[EventDate "2019.10.12"]
[EventType "team-tourn"]
[EventRounds "11"]
[EventCountry "SVK"]
[SourceTitle "CBM 193 Extra"]
[Source "ChessBase"]
[SourceDate "2020.01.31"]
[SourceVersion "1"]
[SourceVersionDate "2020.01.31"]
[SourceQuality "1"]
[WhiteTeam "Cebovce"]
[BlackTeam "Sabinov"]
[WhiteTeamCountry "SVK"]
[BlackTeamCountry "SVK"]

1. d4 Nf6 2. Nc3 d5 3. Nf3 e6 4. g3 c5 5. e3 Nc6 6. Bg2 b6 7. 0-0 Bb7 8. Re1 Be7 9. Ne2 0-0 10. b3 Qc7 11. c3 Rfd8 12. Bb2 a6 13. Rc1 Na5 14. Qc2 c4 15. Ne5 Rac8 16. bxc4 Nxc4 17. Nxc4 Qxc4 18. Qb3 Qc7 19. Nf4 b5 20. Nd3 Ne4 21. Re2 Ra8 22. Ba3 Bxa3 23. Qxa3 a5 24. Bxe4 dxe4 25. Qc5 Qd7 26. Ne1 Bd5 27. Qa3 Ra6 28. Qb2 e5 29. h4 exd4 30. cxd4 Bc4 31. Rd2 Qg4 32. Qc2 Rh6 33. Ng2 f5 34. Qd1 Qg6 35. Rb2 Qf7 36. Qd2 a4 37. Qa5 Qe7 38. Qd2 g5 39. a3 gxh4 40. Nxh4 Qg5 41. Ng2 Qh5 42. Nh4 Kh8 43. Rxc4 bxc4 44. d5 Qf7 45. Rb4 Qg7 46. Kf1 c3 47. Qc2 Qe5 48. Rxa4 Rc8 49. Rd4 Rb6 50. Ng2 Rb2 51. Qc1 c2 52. Rb4 Rxb4 53. axb4 Qxd5 54. Qb2+ Kg8 55. Nf4 c1Q+ 0-1

[Event "SVK-ch op"]
[Site "Ruzomberok"]
[Date "2019.07.07"]
[Round "9"]
[White "Zentko, Ladislav"]
[Black "Pasztor, Ladislav"]
[Result "1/2-1/2"]
[WhiteElo "1732"]
[BlackElo "1857"]
[PlyCount "122"]
[EventDate "2019.06.29"]
[EventType "swiss"]
[EventRounds "9"]
[EventCountry "SVK"]
[SourceTitle "CBM 191 Extra"]
[Source "ChessBase"]
[SourceDate "2019.09.30"]
[SourceVersion "1"]
[SourceVersionDate "2019.09.30"]
[SourceQuality "1"]

1. Nf3 c5 2. c4 Nf6 3. Nc3 g6 4. g3 Bg7 5. Bg2 Nc6 6. 0-0 0-0 7. d3 d6 8. Bg5 h6 9. Be3 Kh7 10. Nd2 Ng4 11. h3 Nxe3 12. fxe3 e5 13. e4 Be6 14. a3 Qd7 15. Kh2 f5 16. e3 Rf7 17. exf5 gxf5 18. Qh5 Rg8 19. Nf3 Bf6 20. Nd5 Bd8 21. Nh4 Rg5 22. Qf3 Bxd5 23. cxd5 Ne7 24. g4 Rfg7 25. Nxf5 Nxf5 26. Qe4 Kh8 27. Rxf5 Rxf5 28. Qxf5 Qxf5 29. gxf5 Bg5 30. e4 Bf4+ 31. Kg1 Rg3 32. Rd1 Be3+ 33. Kf1 b5 34. h4 a5 35. b3 Kg7 36. h5 Kf6 37. Bh1 Bd4 38. Ke2 Re3+ 39. Kd2 Rh3 40. Rf1 Rxh5 41. Bf3 Rh2+ 42. Be2 h5 43. Rf3 h4 44. Kd1 Bf2 45. d4 Bxd4 46. Bxb5 Ra2 47. a4 Bf2 48. Bc4 Bg3 49. Bf1 Rb2 50. Kc1 Ra2 51. Kd1 Rb2 52. Kc1 Rh2 53. Kd1 Ra2 54. Kc1 Ra1+ 55. Kb2 Re1 56. Bd3 Rg1 57. Bf1 Be1 58. Kc2 Rg4 59. Kd3 Rf4 60. Rxf4 exf4 61. Kc4 f3 1/2-1/2

[Event "SVK-ch op"]
[Site "Ruzomberok"]
[Date "2019.07.04"]
[Round "6"]
[White "Pasztor, Ladislav"]
[Black "Farkas, Gabor"]
[Result "0-1"]
[WhiteElo "1857"]
[BlackElo "2353"]
[PlyCount "68"]
[EventDate "2019.06.29"]
[EventType "swiss"]
[EventRounds "9"]
[EventCountry "SVK"]
[SourceTitle "CBM 191 Extra"]
[Source "ChessBase"]
[SourceDate "2019.09.30"]
[SourceVersion "1"]
[SourceVersionDate "2019.09.30"]
[SourceQuality "1"]

1. e4 c5 2. Nf3 Nc6 3. Nc3 d6 4. d4 cxd4 5. Nxd4 e5 6. Nb3 Be6 7. Be3 Be7 8. Qd2 Nf6 9. f3 0-0 10. g4 Nd7 11. 0-0-0 a5 12. Qf2 a4 13. Nd2 a3 14. b3 Qa5 15. Ndb1 Nb4 16. h4 Rfc8 17. Rd5 Bxd5 18. exd5 Nxd5 19. Nxd5 Qxd5 20. Be2 Nc5 21. Bc4 Qc6 22. Bxc5 Qxc5 23. Qxc5 Rxc5 24. Nc3 b5 25. Nxb5 d5 26. Bxd5 Rxd5 27. Nc7 Rad8 28. Nxd5 Rxd5 29. g5 f6 30. c4 Rd3 31. gxf6 Bxf6 32. h5 Rxf3 33. Kc2 e4 34. h6 Rf2+ 0-1

[Event "SVK-ch op"]
[Site "Ruzomberok"]
[Date "2019.06.30"]
[Round "2"]
[White "Pasztor, Ladislav"]
[Black "Holly, Andrej"]
[Result "0-1"]
[WhiteElo "1857"]
[BlackElo "2046"]
[PlyCount "148"]
[EventDate "2019.06.29"]
[EventType "swiss"]
[EventRounds "9"]
[EventCountry "SVK"]
[SourceTitle "CBM 191 Extra"]
[Source "ChessBase"]
[SourceDate "2019.09.30"]
[SourceVersion "1"]
[SourceVersionDate "2019.09.30"]
[SourceQuality "1"]

1. e4 c5 2. Nf3 Nc6 3. c3 Nf6 4. e5 Nd5 5. d4 cxd4 6. cxd4 g6 7. Bc4 Nb6 8. Bb3 Bg7 9. 0-0 0-0 10. Nc3 d6 11. Bf4 Bg4 12. Re1 Qd7 13. Bg3 Bxf3 14. gxf3 e6 15. d5 exd5 16. exd6 Bxc3 17. bxc3 Qf5 18. Kg2 Rfe8 19. Qd2 Na5 20. Rxe8+ Rxe8 21. Re1 Re6 22. Rxe6 fxe6 23. Bc2 Qf6 24. Qh6 Nac4 25. Bh4 Qxc3 26. Qf4 Qxc2 27. Qf6 Qf5 28. Qe7 Qf7 29. Qd8+ Qf8 30. Qc7 Qxd6 31. Qxb7 Qd7 32. Qb8+ Kg7 33. Bg3 d4 34. h4 d3 35. h5 gxh5 36. Qf4 Qf7 37. Qd4+ Qf6 38. Qxd3 h4 39. Bb8 Qg6+ 40. Qxg6+ hxg6 41. Bxa7 g5 42. Kh3 Kg6 43. f4 Nd5 44. fxg5 Kxg5 45. Bb8 Nf4+ 46. Kh2 Kg4 47. a4 Nd3 48. f3+ Kh5 49. Bc7 Ne1 50. f4 Kg4 51. a5 Nf3+ 52. Kh1 Nxa5 53. Bxa5 Kxf4 54. Kg2 Kg4 55. Bc7 Nd4 56. Bd6 Nf5 57. Be5 Ne7 58. Bd6 Ng6 59. Bc7 Nf4+ 60. Kf2 h3 61. Kg1 Nd3 62. Kh2 e5 63. Bb6 e4 64. Be3 Kf3 65. Bb6 Nf4 66. Ba5 e3 67. Bc3 e2 68. Bd2 Kg4 69. Kg1 Nd3 70. Kh2 e1Q 71. Bxe1 Nxe1 72. Kh1 Kg3 73. Kg1 Nd3 74. Kh1 Nf2+ 0-1

[Event "SVK-chT2C 1819"]
[Site "Slovakia"]
[Date "2019.04.06"]
[Round "10.5"]
[White "Brnusak, Tomas"]
[Black "Pasztor, Ladislav"]
[Result "1-0"]
[WhiteElo "1961"]
[BlackElo "1869"]
[PlyCount "123"]
[EventDate "2018.10.13"]
[EventType "team-tourn"]
[EventRounds "11"]
[EventCountry "SVK"]
[SourceTitle "EXT 2020"]
[Source "ChessBase"]
[SourceDate "2019.10.17"]
[SourceVersion "1"]
[SourceVersionDate "2019.10.17"]
[SourceQuality "1"]
[WhiteTeam "Liptov Chess School III"]
[BlackTeam "Vinica"]
[WhiteTeamCountry "SVK"]
[BlackTeamCountry "SVK"]

1. d4 Nf6 2. c4 g6 3. Nc3 Bg7 4. e4 d6 5. Be2 0-0 6. Nf3 Bg4 7. Be3 c6 8. 0-0 Qc7 9. Qc2 Nbd7 10. Rad1 Rac8 11. Qb3 b6 12. h3 Bxf3 13. Bxf3 e5 14. d5 c5 15. Nb5 Qb8 16. Qa4 a5 17. Qc2 h6 18. h4 Rce8 19. g4 Re7 20. g5 hxg5 21. hxg5 Nh5 22. Bxh5 gxh5 23. Qe2 f5 24. exf5 Rxf5 25. Qxh5 Nf8 26. f4 exf4 27. Rxf4 Rxf4 28. Bxf4 Rd7 29. Re1 Bd4+ 30. Kg2 Rf7 31. Bxd6 Qd8 32. Nxd4 Qxd6 33. Ne6 Rh7 34. Qg4 Qh2+ 35. Kf3 Rh3+ 36. Ke4 Rh4 37. Rg1 Qe2+ 38. Kf5 Rxg4 39. Rxg4 Nd7 40. Re4 Qxb2 41. Nd8 Qf2+ 42. Ke6 Qf3 43. Re1 Nf8+ 44. Ke7 Kg7 45. Ne6+ Nxe6 46. Rxe6 Qf8+ 47. Kd7 Qb8 48. Kc6 a4 49. d6 Qc8+ 50. Kd5 Qb7+ 51. Ke5 Qf3 52. d7 Qg3+ 53. Kd5 Qxg5+ 54. Kc6 Kf7 55. Re8 Qg2+ 56. Kc7 Qh2+ 57. Kc8 Qxa2 58. d8Q Qxc4 59. Re7+ Kg6 60. Qd6+ Kf5 61. Qe5+ Kg4 62. Rg7+ 1-0

[Event "SVK-chT1E 1819"]
[Site "Slovakia"]
[Date "2019.02.24"]
[Round "9.8"]
[White "Pasztor, Ladislav"]
[Black "Cuker, Oliver"]
[Result "1/2-1/2"]
[WhiteElo "1852"]
[BlackElo "1600"]
[PlyCount "43"]
[EventDate "2018.10.27"]
[EventType "team-tourn"]
[EventRounds "11"]
[EventCountry "SVK"]
[SourceTitle "CBM 189 Extra"]
[Source "ChessBase"]
[SourceDate "2019.05.31"]
[SourceVersion "1"]
[SourceVersionDate "2019.05.31"]
[SourceQuality "1"]
[WhiteTeam "Cebovce"]
[BlackTeam "Sabinov"]
[WhiteTeamCountry "SVK"]
[BlackTeamCountry "SVK"]

1. c4 Nf6 2. Nc3 d6 3. f4 g6 4. Nf3 Bg7 5. e4 c5 6. Be2 0-0 7. 0-0 Bg4 8. d3 Nc6 9. Nd5 Bxf3 10. Bxf3 Nd4 11. Rb1 Nxd5 12. cxd5 Rb8 13. Kh1 e6 14. dxe6 fxe6 15. g3 b5 16. Bg2 a5 17. b3 b4 18. Bb2 Qe7 19. Qd2 Rb6 20. Rf2 Ra6 21. Qd1 Qe8 22. Rc1 1/2-1/2

[Event "SVK-chT2C 1819"]
[Site "Slovakia"]
[Date "2019.02.03"]
[Round "7.6"]
[White "Klein, Peter"]
[Black "Pasztor, Ladislav"]
[Result "1-0"]
[WhiteElo "2014"]
[BlackElo "1876"]
[PlyCount "80"]
[EventDate "2018.10.13"]
[EventType "team-tourn"]
[EventRounds "11"]
[EventCountry "SVK"]
[SourceTitle "CBM 189 Extra"]
[Source "ChessBase"]
[SourceDate "2019.05.31"]
[SourceVersion "1"]
[SourceVersionDate "2019.05.31"]
[SourceQuality "1"]
[WhiteTeam "Filakovo"]
[BlackTeam "Vinica"]
[WhiteTeamCountry "SVK"]
[BlackTeamCountry "SVK"]

1. e4 c5 2. Nc3 Nc6 3. g3 g6 4. Bg2 Bg7 5. d3 d6 6. f4 e6 7. Nf3 Nge7 8. 0-0 b6 9. Ne2 Bb7 10. g4 Qc7 11. Ng3 d5 12. c3 0-0-0 13. Ng5 Rdf8 14. f5 h6 15. Nh3 gxf5 16. gxf5 Be5 17. Nf4 Bxf4 18. Bxf4 e5 19. Bd2 dxe4 20. dxe4 f6 21. Nh5 Qd7 22. Qe2 Qe8 23. Ng7 Qf7 24. Ne6 Rfg8 25. b4 cxb4 26. cxb4 Nxf5 27. exf5 Rxg2+ 28. Qxg2 Rg8 29. Bg5 hxg5 30. Rac1 Kb8 31. Rxc6 Qd7 32. b5 Qd3 33. a4 a6 34. Rxb6 Qe3+ 35. Qf2 Qe4 36. Rxb7+ Qxb7 37. bxa6 Qxa6 38. Rb1+ Kc8 39. Qc5+ Kd7 40. Qc7+ Ke8 1-0

[Event "Banska Stiavnica V4 op"]
[Site "Banska Stiavnica"]
[Date "2018.07.07"]
[Round "1"]
[White "Pasztor, Ladislav"]
[Black "Jablonicky, Martin"]
[Result "0-1"]
[WhiteElo "1911"]
[BlackElo "2360"]
[PlyCount "99"]
[EventDate "2018.07.07"]
[EventType "swiss"]
[EventRounds "9"]
[EventCountry "SVK"]
[SourceTitle "CBM 185 Extra"]
[Source "ChessBase"]
[SourceDate "2018.07.29"]
[SourceVersion "1"]
[SourceVersionDate "2018.07.29"]
[SourceQuality "1"]

1. c4 Nf6 2. Nf3 g6 3. Nc3 Bg7 4. e4 d6 5. h3 0-0 6. Be2 c5 7. d3 Nc6 8. 0-0 Ne8 9. Nh2 Nc7 10. Be3 a6 11. a4 Rb8 12. Qd2 Ne6 13. f4 Ned4 14. Rae1 f5 15. exf5 gxf5 16. Kh1 Qa5 17. Bd1 e6 18. Rg1 b5 19. axb5 axb5 20. cxb5 Nxb5 21. Nxb5 Rxb5 22. Qxa5 Nxa5 23. Bd2 Nb3 24. Bc3 Nd4 25. Nf3 d5 26. Ne5 Nb3 27. Re2 d4 28. Be1 Nc1 29. Rd2 Bxe5 30. fxe5 Ba6 31. Rf1 Rb6 32. Rf3 Rfb8 33. Bh4 Rxb2 34. Rg3+ Kf8 35. Rxb2 Rxb2 36. Bf6 Nxd3 37. Bh5 Nf2+ 38. Kh2 Ne4 39. Rg7 Rb7 40. Rxb7 Bxb7 41. Bd8 c4 42. Ba5 c3 43. Bb4+ Kg7 44. Be2 c2 45. Ba3 Nc3 46. Bd3 Be4 47. Bc4 d3 48. Bxe6 d2 49. Bb2 d1Q 50. Bxc3 0-1

[Event "SVK-chT1E 1718"]
[Site "Slovakia"]
[Date "2018.02.03"]
[Round "7.7"]
[White "Pasztor, Ladislav"]
[Black "Kopera, Michal"]
[Result "0-1"]
[WhiteElo "1936"]
[BlackElo "2108"]
[PlyCount "88"]
[EventDate "2017.10.21"]
[EventType "team-tourn"]
[EventRounds "11"]
[EventCountry "SVK"]
[SourceTitle "EXT 2019"]
[Source "ChessBase"]
[SourceDate "2018.10.10"]
[SourceVersion "1"]
[SourceVersionDate "2018.10.10"]
[SourceQuality "1"]
[WhiteTeam "Cebovce"]
[BlackTeam "Zilina Mladost"]
[WhiteTeamCountry "SVK"]
[BlackTeamCountry "SVK"]

1. c4 e6 2. Nf3 Nf6 3. e3 d5 4. b3 Be7 5. Bb2 c5 6. Be2 0-0 7. 0-0 Nc6 8. d4 cxd4 9. exd4 Ne4 10. Ne5 Nxe5 11. dxe5 dxc4 12. Bxc4 Qxd1 13. Rxd1 Bc5 14. Bd4 Rd8 15. Nc3 Bxd4 16. Nxe4 b5 17. Bxb5 Bb7 18. Rxd4 Rxd4 19. Nd6 Bd5 20. Bc4 Bxc4 21. Nxc4 Rad8 22. Kf1 Rd1+ 23. Rxd1 Rxd1+ 24. Ke2 Rd5 25. Ke3 f6 26. f4 Kf7 27. g4 fxe5 28. Nxe5+ Kf6 29. g5+ Ke7 30. b4 Kd6 31. a4 Rd1 32. Ke4 Re1+ 33. Kd4 Rh1 34. Nc4+ Kc7 35. Ke5 Kd7 36. b5 Rxh2 37. a5 Re2+ 38. Kd4 Rf2 39. Ke5 h5 40. gxh6 gxh6 41. b6 axb6 42. Nxb6+ Kc6 43. Kxe6 Rxf4 44. Nd5 Re4+ 0-1

[Event "Banska Stiavnica V4 op"]
[Site "Banska Stiavnica"]
[Date "2016.07.02"]
[Round "1"]
[White "Holtman, Teodor"]
[Black "Pasztor, Ladislav"]
[Result "1-0"]
[WhiteElo "2238"]
[BlackElo "1920"]
[PlyCount "77"]
[EventDate "2016.07.02"]
[EventType "swiss"]
[EventRounds "9"]
[EventCountry "SVK"]
[SourceTitle "CBM 173 Extra"]
[Source "ChessBase"]
[SourceDate "2016.08.29"]
[SourceVersion "1"]
[SourceVersionDate "2016.08.29"]
[SourceQuality "1"]

1. e4 c5 2. Nf3 d6 3. d4 cxd4 4. Nxd4 Nf6 5. Nc3 a6 6. h3 g6 7. Be3 Bg7 8. g3 Nc6 9. Bg2 Qc7 10. Qd2 Rb8 11. 0-0 0-0 12. a4 Nxd4 13. Bxd4 b6 14. Bxf6 exf6 15. Nd5 Qa7 16. Qf4 Be6 17. Nxf6+ Kh8 18. c3 Qe7 19. Ng4 h5 20. Ne3 Kh7 21. Nc2 g5 22. Qe3 g4 23. h4 Be5 24. Rfe1 Rfc8 25. Bf1 a5 26. Nd4 Bc4 27. Bxc4 Rxc4 28. Nb5 f6 29. b3 Rc6 30. Rad1 Rbc8 31. c4 Rf8 32. Rd5 Rc5 33. Red1 Rxd5 34. Rxd5 Kg6 35. Qxb6 Bxg3 36. fxg3 Qxe4 37. Qf2 Qb1+ 38. Qf1 Re8 39. Qxb1+ 1-0

[Event "SVK-chT2C 1516"]
[Site "Slovakia"]
[Date "2016.03.12"]
[Round "10.6"]
[White "Haluska, Peter"]
[Black "Pasztor, Ladislav"]
[Result "1/2-1/2"]
[WhiteElo "1957"]
[BlackElo "1924"]
[PlyCount "37"]
[EventDate "2015.10.17"]
[EventType "team-tourn"]
[EventRounds "11"]
[EventCountry "SVK"]
[SourceTitle "EXT 2017"]
[Source "ChessBase"]
[SourceDate "2016.10.25"]
[SourceVersion "1"]
[SourceVersionDate "2016.10.25"]
[SourceQuality "1"]
[WhiteTeam "Dolny Kubin"]
[BlackTeam "Cebovce"]
[WhiteTeamCountry "SVK"]
[BlackTeamCountry "SVK"]

1. e4 c5 2. f4 e6 3. Nf3 Nc6 4. Bb5 Qc7 5. Bxc6 Qxc6 6. d3 d6 7. 0-0 Be7 8. Qe2 Nf6 9. c4 h6 10. Nc3 0-0 11. b3 b6 12. Bb2 Bb7 13. Rad1 Rfe8 14. Kh1 a6 15. a4 d5 16. e5 Nh7 17. Kg1 Nf8 18. Qf2 Qd7 19. Qe2 1/2-1/2

[Event "SVK-chT2C 1516"]
[Site "Slovakia"]
[Date "2016.01.24"]
[Round "7.6"]
[White "Topolovsky, Vincent"]
[Black "Pasztor, Ladislav"]
[Result "1/2-1/2"]
[WhiteElo "1923"]
[BlackElo "1928"]
[PlyCount "92"]
[EventDate "2015.10.17"]
[EventType "team-tourn"]
[EventRounds "11"]
[EventCountry "SVK"]
[SourceTitle "CBM 170 Extra"]
[Source "ChessBase"]
[SourceDate "2016.02.25"]
[SourceVersion "1"]
[SourceVersionDate "2016.02.25"]
[SourceQuality "1"]
[WhiteTeam "Banska Bystrica Kurta"]
[BlackTeam "Cebovce"]
[WhiteTeamCountry "SVK"]
[BlackTeamCountry "SVK"]

1. Nf3 c5 2. g3 Nc6 3. e4 g6 4. Bg2 Bg7 5. 0-0 d6 6. d3 Nf6 7. Nbd2 0-0 8. c3 Bg4 9. h3 Bd7 10. Kh2 Nh5 11. Ng1 e5 12. Nc4 Be6 13. Ne3 Qe8 14. Bf3 Nf6 15. a4 Qd8 16. Qe1 d5 17. Qe2 d4 18. Nc2 dxc3 19. bxc3 Qd7 20. Be3 b6 21. Rfd1 Qc7 22. Rd2 h6 23. Ne1 Nh7 24. Bg2 f5 25. exf5 Bxf5 26. Rc1 Nf6 27. Kh1 Na5 28. Rb2 Nd5 29. Bd2 Qf7 30. Ngf3 Nc6 31. Nh4 Be6 32. Kg1 Rab8 33. a5 g5 34. Nhf3 g4 35. hxg4 Bxg4 36. Qf1 Nce7 37. Nh4 Nf5 38. Nxf5 Bxf5 39. axb6 axb6 40. Rcb1 Qc7 41. Ra1 Rf6 42. Rba2 Qd6 43. Qe2 Rc8 44. Ra8 Nc7 45. Rxc8+ Bxc8 46. Be4 Bd7 1/2-1/2

[Event "SVK-chT2C 1516"]
[Site "Slovakia"]
[Date "2015.11.08"]
[Round "4.5"]
[White "Pasztor, Ladislav"]
[Black "Tropp, Frantisek"]
[Result "0-1"]
[WhiteElo "1924"]
[BlackElo "2107"]
[PlyCount "84"]
[EventDate "2015.10.17"]
[EventType "team-tourn"]
[EventRounds "11"]
[EventCountry "SVK"]
[SourceTitle "CBM 169 Extra"]
[Source "ChessBase"]
[SourceDate "2015.12.18"]
[SourceVersion "1"]
[SourceVersionDate "2015.12.18"]
[SourceQuality "1"]
[WhiteTeam "Cebovce"]
[BlackTeam "Liptov Chess School III"]
[WhiteTeamCountry "SVK"]
[BlackTeamCountry "SVK"]

1. e4 c6 2. g3 d5 3. Bg2 dxe4 4. Bxe4 Nf6 5. Bg2 e5 6. d3 Bg4 7. f3 Bf5 8. Be3 Nbd7 9. Ne2 Bb4+ 10. Nbc3 Nd5 11. Bf2 Bc5 12. Bxc5 Nxc5 13. Nxd5 Qxd5 14. 0-0 0-0 15. Kh1 Rad8 16. Qe1 Qd7 17. g4 Bg6 18. Qg3 Na6 19. a3 Nc7 20. f4 exf4 21. Nxf4 Nd5 22. Nxg6 hxg6 23. g5 Rde8 24. Rae1 Ne7 25. Be4 Nc8 26. Rf4 Nd6 27. Rh4 Nxe4 28. Rexe4 Rxe4 29. Rxe4 Qd5 30. Kg1 Qc5+ 31. Kf1 Qxc2 32. Re2 Qd1+ 33. Kf2 Rd8 34. b4 Qa1 35. Qc7 Qd4+ 36. Ke1 Qg1+ 37. Kd2 Qxg5+ 38. Kc2 Qd5 39. Re3 Qd7 40. Re7 Qxd3+ 41. Kb2 Qd2+ 42. Kb3 Rd3+ 0-1

[Event "SVK-chT2C 1314"]
[Site "Slovakia"]
[Date "2014.02.01"]
[Round "7.5"]
[White "Pasztor, Ladislav"]
[Black "Puskar, Jan"]
[Result "0-1"]
[WhiteElo "1892"]
[BlackElo "2034"]
[PlyCount "122"]
[EventDate "2013.10.19"]
[EventType "team-tourn"]
[EventRounds "11"]
[EventCountry "SVK"]
[SourceTitle "EXT 2015"]
[Source "ChessBase"]
[SourceDate "2014.11.20"]
[SourceVersion "1"]
[SourceVersionDate "2014.11.20"]
[SourceQuality "1"]
[WhiteTeam "Cebovce"]
[BlackTeam "Banska Bystrica Veza"]
[WhiteTeamCountry "SVK"]
[BlackTeamCountry "SVK"]

1. e4 c5 2. Nf3 Nc6 3. d4 cxd4 4. Nxd4 Nf6 5. Nc3 d6 6. Be3 Ng4 7. Nxc6 bxc6 8. Qd2 Nxe3 9. Qxe3 g6 10. Bc4 Bg7 11. 0-0 0-0 12. Rab1 Qa5 13. Ne2 Rb8 14. c3 e6 15. Nd4 Qc5 16. Bb3 Ba6 17. Rfe1 Qb6 18. h3 d5 19. exd5 cxd5 20. Rbd1 Rfc8 21. Nf3 Bc4 22. Bxc4 Rxc4 23. Qxb6 Rxb6 24. Re2 a5 25. Rc2 Bf6 26. g4 h6 27. Kf1 Rbc6 28. Rcd2 Kg7 29. Rd3 Rb6 30. R1d2 Bg5 31. Nxg5 hxg5 32. Rd4 Rxd4 33. cxd4 Rc6 34. Ke2 Kf6 35. Kd3 Rc1 36. Rc2 Rh1 37. Rc5 Rxh3+ 38. Ke2 a4 39. Ra5 a3 40. b3 Rh4 41. Kf3 Ke7 42. Ra7+ Kf8 43. Rxa3 f5 44. gxf5 gxf5 45. Ke3 Ke7 46. Ra7+ Kf6 47. Rb7 Rh3+ 48. Ke2 g4 49. a4 f4 50. a5 Rh2 51. Ke1 Kf5 52. Rg7 Rh1+ 53. Kd2 Rf1 54. Ke2 Rb1 55. Rb7 Ke4 56. Kd2 Rb2+ 57. Kc3 Rxf2 58. b4 g3 59. Rg7 g2 60. a6 Rf3+ 61. Kc2 Rg3 0-1

[Event "SVK-chT2C 1314"]
[Site "Slovakia"]
[Date "2014.01.11"]
[Round "5.5"]
[White "Valuska, Jan"]
[Black "Pasztor, Ladislav"]
[Result "0-1"]
[WhiteElo "2051"]
[BlackElo "1892"]
[PlyCount "146"]
[EventDate "2013.10.19"]
[EventType "team-tourn"]
[EventRounds "11"]
[EventCountry "SVK"]
[SourceTitle "EXT 2015"]
[Source "ChessBase"]
[SourceDate "2014.11.20"]
[SourceVersion "1"]
[SourceVersionDate "2014.11.20"]
[SourceQuality "1"]
[WhiteTeam "Zvolen Slavia"]
[BlackTeam "Cebovce"]
[WhiteTeamCountry "SVK"]
[BlackTeamCountry "SVK"]

1. e4 d6 2. Bc4 Nf6 3. Nc3 c6 4. Qe2 e5 5. d3 Be6 6. Bxe6 fxe6 7. Nf3 Na6 8. d4 exd4 9. Nxd4 Nc7 10. 0-0 Be7 11. e5 Nfd5 12. Nxd5 cxd5 13. exd6 Qxd6 14. Re1 0-0 15. Nxe6 Nxe6 16. Qxe6+ Qxe6 17. Rxe6 Bc5 18. Re2 Rf5 19. Be3 d4 20. Bd2 Raf8 21. Rf1 h5 22. h4 b5 23. a3 Bb6 24. Bb4 R8f7 25. Bd6 Rd5 26. Bg3 Rfd7 27. Rd1 d3 28. cxd3 Rxd3 29. Rxd3 Rxd3 30. Re5 Rxg3 31. Rxb5 Rd3 32. Rxh5 Rd1+ 33. Kh2 Bxf2 34. Kh3 Rd3+ 35. Kg4 Rb3 36. Rg5 Rxb2 37. h5 Rb3 38. Ra5 Rg3+ 39. Kf4 Rxg2 40. Ra6 Bb6 41. Ra4 Kh7 42. Kf3 Rg5 43. Rh4 Kh6 44. a4 Rxh5 45. Re4 Rh3+ 46. Kg4 Rd3 47. Re2 Rd4+ 48. Kf5 g6+ 49. Kf6 Rf4+ 50. Ke6 Rxa4 51. Kf6 Rf4+ 52. Ke5 Rf8 53. Rh2+ Kg7 54. Rg2 Rf3 55. Rd2 g5 56. Ke4 Rf4+ 57. Ke5 Rf2 58. Rd7+ Rf7 59. Rd1 Kg6 60. Ke4 g4 61. Rd6+ Kg5 62. Rd5+ Kh4 63. Rd6 Kh3 64. Rh6+ Kg2 65. Rc6 g3 66. Rc2+ Kg1 67. Rc1+ Kh2 68. Rc6 g2 69. Rh6+ Kg1 70. Rc6 Kf2 71. Rc2+ Kg3 72. Rc3+ Kg4 73. Rc1 Rf1 0-1

[Event "SVK-chT2C 1314"]
[Site "Slovakia"]
[Date "2013.10.19"]
[Round "1.5"]
[White "Stric, Dusan"]
[Black "Pasztor, Ladislav"]
[Result "1/2-1/2"]
[WhiteElo "2073"]
[BlackElo "1892"]
[PlyCount "128"]
[EventDate "2013.10.19"]
[EventType "team-tourn"]
[EventRounds "11"]
[EventCountry "SVK"]
[SourceTitle "EXT 2015"]
[Source "ChessBase"]
[SourceDate "2014.11.20"]
[SourceVersion "1"]
[SourceVersionDate "2014.11.20"]
[SourceQuality "1"]
[WhiteTeam "Liptov Chess School II"]
[BlackTeam "Cebovce"]
[WhiteTeamCountry "SVK"]
[BlackTeamCountry "SVK"]

1. c4 Nf6 2. Nc3 g6 3. g3 Bg7 4. Bg2 c5 5. e3 0-0 6. Nge2 d6 7. 0-0 Na6 8. b3 Nc7 9. Bb2 Rb8 10. d4 e5 11. dxc5 dxc5 12. Qc2 Qe7 13. Rad1 Bf5 14. e4 Be6 15. Nd5 Bxd5 16. cxd5 Nfe8 17. d6 Nxd6 18. Qxc5 Rfd8 19. a4 b6 20. Qe3 Nde8 21. Nc3 Rxd1 22. Rxd1 Rd8 23. Ra1 Qd7 24. Rd1 Qc8 25. Ra1 Qd7 26. a5 Qd2 27. Bc1 Qc2 28. Bf1 Qxb3 29. Rb1 Qe6 30. axb6 axb6 31. Rxb6 Qd7 32. Rb4 Bf8 33. Ra4 Qc6 34. Rc4 Qb7 35. Na4 Ne6 36. Nb6 Nd6 37. Ra4 Qc6 38. Ba3 Rb8 39. Rb4 Nxe4 40. Rc4 Qxb6 41. Rxe4 Qxe3 42. Rxe3 Bxa3 43. Rxa3 Rb7 44. Re3 Nd4 45. Bc4 Kg7 46. Bd5 Re7 47. g4 h6 48. f3 f5 49. h3 Kf6 50. Ra3 fxg4 51. hxg4 Ne2+ 52. Kf2 Nf4 53. Ra6+ Kg5 54. Be4 h5 55. gxh5 gxh5 56. Ra8 h4 57. Rg8+ Kf6 58. Rh8 h3 59. Rh6+ Kf7 60. Kg3 Kg8 61. Bf5 Rg7+ 62. Bg4 Rh7 63. Rxh7 Kxh7 64. Bxh3 Nxh3 1/2-1/2